1780 1730 1003 1197 1363 1980 1945 1667 1510 1674 1932 1490 1769 1532 1201 1065 1948 1237 1458 1914 1334 1220 1319 1930 1973 1585 1331 1288 1267 1593 1105 1449 1453 1004 1120 1732 1810 1734 1839 1959 1267 1715 1619 1699 1823 1354 1949 1981 1490 1312 1903 1065 1996 1842 1462 1646 1344 1327 1363 1849 1317 1113 1006 1667 1079 1106 1022 1695 1971 1853 1337 1161 1858 1645 1515 1407 1697 1096 1615 1200 1743 1677 1478 1784 1908 1880 1134 1927 1530 1213 1065 1876 1140 1467 1736 1450 1973 1244 1498 BCNSPRNW ULIB Ver.6.0+V

เปลี่ยนเป็นภาษาไทย

Change to English
 แสดงรายละเอียดบรรณานุกรม
  กลับหน้าหลัก

Brief Record : Get Marc (ISO 2709) : E-mail record : QR code < ปิดหน้าต่าง
LEADER : 00000nam 2200000uu 4500
001    13399114190
003     ULIB
008    120228s2554||||th 000 0 tha d
020    ^a9789744017888
060 04 ^aWY156^bอ832ค
100 0  ^aอุบล จ๋วงพานิช
245 10 ^aคู่มือการพยาบาลผู้ป่วยมะเร็งที่ได้รับยาเคมีบำบัด /^cโดยอุบล จ๋วงพานิช
260    ^aขอนแก่น :^bแผนกการพยาบาลบำบัดพิเศษ งานบริการพยาบาล,^c2554
300    ^aก-ฎ, 177 หน้า :^bภาพประกอบ ;^c21 ซม.
650  4 ^aมะเร็ง^xเคมีบำบัด^xการพยาบาล^vคู่มือ
650  4 ^aมะเร็ง^xผู้ป่วย^xการพยาบาล^vคู่มือ
710 2  ^aโรงพยาบาลศรีนครินทร์. ^bงานบริการพยาบาล.
945    ^p190^l0^i18819
945    ^p190^l0^i18820
945    ^p190^l0^i21614
945    ^p190^l0^i21615
945    ^p190^l0^i21616
945    ^p190^l0^i21617
945    ^p190^l0^i21618
945    ^p190^l0^i21726
945    ^p190^l0^i21727
945    ^p190^l0^i21728
945    ^p190^l0^i21729
945    ^p190^l0^i21730
995    ทศพร
999 ^a ใช้งานได้ทุกระบบ
รายการนี้ยังไม่มีแท็ก
คุณยังไม่ได้ล็อกอิน คุณสามารถมีกิจกรรมร่วมกับเว็บไซต์ได้ แต่ต้องล็อกอินก่อน ::
  ล็อกอิน

รายการสื่อสารสนเทศ

ลำดับที่ ประเภท เลขเรียก/บาร์โค้ด สถานที่ สถานะ
1. Book การพยาบาล
Book การพยาบาล
สถานะ=หนังสือเก่า
WY156 อ832ค  
  Barcode: 18819
ห้องสมุดวิทยาเขตนครสวรรค์
►ส่วนจัดเก็บหนังสือเก่า นว.
บนชั้น
  ขอยืม
2. Book การพยาบาล
Book การพยาบาล
สถานะ=หนังสือเก่า
WY156 อ832ค ฉ.10 
  Barcode: 21728
ห้องสมุดวิทยาเขตนครสวรรค์
►ส่วนจัดเก็บหนังสือเก่า นว.
บนชั้น
  ขอยืม
3. Book การพยาบาล
Book การพยาบาล
สถานะ=หนังสือเก่า
WY156 อ832ค ฉ.11 
  Barcode: 21729
ห้องสมุดวิทยาเขตนครสวรรค์
►ส่วนจัดเก็บหนังสือเก่า นว.
บนชั้น
  ขอยืม
4. Book การพยาบาล
Book การพยาบาล
สถานะ=หนังสือเก่า
WY156 อ832ค ฉ.12 
  Barcode: 21730
ห้องสมุดวิทยาเขตนครสวรรค์
►ส่วนจัดเก็บหนังสือเก่า นว.
บนชั้น
  ขอยืม
5. Book การพยาบาล
Book การพยาบาล
สถานะ=หนังสือเก่า
WY156 อ832ค ฉ.2 
  Barcode: 18820
ห้องสมุดวิทยาเขตนครสวรรค์
►ส่วนจัดเก็บหนังสือเก่า นว.
บนชั้น
  ขอยืม
6. Book การพยาบาล
Book การพยาบาล
สถานะ=หนังสือเก่า
WY156 อ832ค ฉ.3 
  Barcode: 21614
ห้องสมุดวิทยาเขตนครสวรรค์
►ส่วนจัดเก็บหนังสือเก่า นว.
บนชั้น
  ขอยืม
7. Book การพยาบาล
Book การพยาบาล
สถานะ=หนังสือเก่า
WY156 อ832ค ฉ.4 
  Barcode: 21615
ห้องสมุดวิทยาเขตนครสวรรค์
►ส่วนจัดเก็บหนังสือเก่า นว.
บนชั้น
  ขอยืม
8. Book การพยาบาล
Book การพยาบาล
สถานะ=หนังสือเก่า
WY156 อ832ค ฉ.5 
  Barcode: 21616
ห้องสมุดวิทยาเขตนครสวรรค์
►ส่วนจัดเก็บหนังสือเก่า นว.
บนชั้น
  ขอยืม
9. Book การพยาบาล
Book การพยาบาล
สถานะ=หนังสือเก่า
WY156 อ832ค ฉ.6 
  Barcode: 21617
ห้องสมุดวิทยาเขตนครสวรรค์
►ส่วนจัดเก็บหนังสือเก่า นว.
บนชั้น
  ขอยืม
10. Book การพยาบาล
Book การพยาบาล
สถานะ=หนังสือเก่า
WY156 อ832ค ฉ.7 
  Barcode: 21618
ห้องสมุดวิทยาเขตนครสวรรค์
►ส่วนจัดเก็บหนังสือเก่า นว.
บนชั้น
  ขอยืม
11. Book การพยาบาล
Book การพยาบาล
สถานะ=หนังสือเก่า
WY156 อ832ค ฉ.8 
  Barcode: 21726
ห้องสมุดวิทยาเขตนครสวรรค์
►ส่วนจัดเก็บหนังสือเก่า นว.
บนชั้น
  ขอยืม
12. Book การพยาบาล
Book การพยาบาล
สถานะ=หนังสือเก่า
WY156 อ832ค ฉ.9 
  Barcode: 21727
ห้องสมุดวิทยาเขตนครสวรรค์
►ส่วนจัดเก็บหนังสือเก่า นว.
บนชั้น
  ขอยืม

รายการใกล้เคียง
    ผู้แต่ง [อุบล จ๋วงพานิช]

BibComment


ยังไม่เคยถูกคอมเมนท์

คอมเมนท์ทรัพยากรรายการนี้
  คอมเมนท์: คู่มือการพยาบาลผ..


 Copyright 2026. Bcnsprnw @Library